000 00501nam a2200121Ia 4500
008 171212s9999 xx 000 0 und d
020 _a9780833082107
100 _aMoroney, Jennifer D. P.;Thaler, David E.;Hogler, Joe
245 _cMoroney, Jennifer D. P.;Thaler, David E.;Hogler, Joe
_aReview of Security Cooperation Mechanisms Combatant Commands Utilize to Build Partner Capacity
260 _bRAND Corporation
_c2013
650 _aHistory
856 _uhttp://www.jstor.org/stable/10.7249/j.ctt5vjw7s
999 _c352502
_d352502